00441nam a2200181Ia 450000500170000000800410001704000190005804100120007708200150008910000150010424500220011926000270014130000160016844000230018465000190020765100230022685000100024920230109104401.0131103s9999 xx 000 0 und d aLoreto College aEnglish a821.3bDON aDonne,John aPoemscJohn Donne aLondonbJ.M.Dentc1939 axxx,290 p.  aEveryman's Library aEnglish Poetry aPoetry Collections aLCLIB